[Event "Rimouski op"]
[Site "Rimouski CAN"]
[Date "2003.05.17"]
[Round "3"]
[White "Slater, Sylvain"]
[Black "Sauve, Richard"]
[Result "1/2-1/2"]
[WhiteElo "1399"]
[BlackElo "2047"]
[PlyCount "75"]
[EventDate "2003.05.16"]
[EventType "swiss"]
[EventRounds "5"]
[EventCountry "CAN"]

1. d4 e6 2. c4 d5 3. cxd5 exd5 4. Nc3 c6 5. Qc2 Bd6 6. Nf3 Ne7 7. Bg5 f6 8. Bh4
Bf5 9. Qb3 Qb6 10. Bg3 Bxg3 11. hxg3 Qxb3 12. axb3 Na6 13. Ra4 Bc2 14. Nd2 O-O
15. e3 Nc7 16. Ra1 Rfe8 17. g4 Ne6 18. Rc1 Bg6 19. f4 Nf8 20. Kf2 Nc8 21. f5
Bf7 22. Bd3 Nd6 23. Ne2 Re7 24. Nf4 Rae8 25. Rh3 h6 26. b4 Nh7 27. Re1 Ng5 28.
Rhh1 Ra8 29. Ra1 Ree8 30. Rhc1 a6 31. Ne2 Nde4+ 32. Bxe4 Nxe4+ 33. Nxe4 Rxe4
34. Nf4 Rae8 35. Ra3 R8e7 36. Kf3 Re8 37. g3 R8e7 38. Rh1 1/2-1/2

[Event "Rimouski op"]
[Site "Rimouski CAN"]
[Date "2003.05.18"]
[Round "4"]
[White "Beaulieu, Stephane"]
[Black "Dufour, Francois"]
[Result "1/2-1/2"]
[WhiteElo "1410"]
[BlackElo "1449"]
[PlyCount "103"]
[EventDate "2003.05.16"]
[EventType "swiss"]
[EventRounds "5"]
[EventCountry "CAN"]

1. Nf3 d5 2. d4 Nf6 3. c4 c6 4. Nc3 g6 5. e3 Bg7 6. Be2 a6 7. O-O O-O 8. a4
Nbd7 9. a5 Qc7 10. c5 e5 11. b4 Re8 12. Ra3 exd4 13. exd4 Nf8 14. Re1 Bg4 15.
Ne5 Bxe2 16. Rxe2 N8d7 17. Bf4 Nxe5 18. Bxe5 Qd7 19. h3 Qf5 20. Re3 Re6 21. Rf3
Qg5 22. Bf4 Qf5 23. Ne2 Rae8 24. Be5 Qg5 25. Ng3 Nd7 26. Rfe3 Nxe5 27. dxe5
Bxe5 28. Ne2 Bg7 29. Rxe6 Rxe6 30. Qd3 Qh4 31. Rb3 Re7 32. Rb1 Qe4 33. Qxe4
Rxe4 34. Kf1 Re7 35. Ke1 Bh6 36. Kd1 d4 37. Rb3 Rd7 38. Rd3 Bg7 39. Kc2 Kf8 40.
Kb3 Ke7 41. Kc4 Ke6 42. Nxd4+ Bxd4 43. Rxd4 Rxd4+ 44. Kxd4 Kf5 45. Kd3 Ke5 46.
Ke3 Kd5 47. Kd3 h6 48. g3 f6 49. g4 Ke5 50. Ke3 h5 51. gxh5 gxh5 52. h4 1/2-1/2

[Event "Rimouski op"]
[Site "Rimouski CAN"]
[Date "2003.05.18"]
[Round "4"]
[White "Ouimet, Alain"]
[Black "Martin, Denis"]
[Result "0-1"]
[WhiteElo "1127"]
[BlackElo "1323"]
[PlyCount "112"]
[EventDate "2003.05.16"]
[EventType "swiss"]
[EventRounds "5"]
[EventCountry "CAN"]

1. e4 Nf6 2. Nc3 d5 3. exd5 Nxd5 4. Bc4 e6 5. Qe2 c6 6. Nxd5 cxd5 7. Bb5+ Bd7
8. Nf3 Bd6 9. d4 Qa5+ 10. Bd2 Bb4 11. Bxd7+ Nxd7 12. a3 Bxd2+ 13. Qxd2 Qa6 14.
Ne5 Nxe5 15. dxe5 Rc8 16. Qd3 Rc4 17. O-O O-O 18. b3 Rc6 19. Qxa6 Rxa6 20. a4
Rc8 21. Rfc1 Rc5 22. c4 Rac6 23. Ra2 dxc4 24. Rac2 c3 25. f4 g6 26. Kf2 a6 27.
Ke3 Rc7 28. g3 Kg7 29. b4 R5c6 30. b5 axb5 31. axb5 Rc5 32. b6 Rc8 33. Kd3 Rd5+
34. Ke2 Rb5 35. Rxc3 Rxc3 36. Rxc3 Rxb6 37. Kf3 Rb2 38. h4 b5 39. Kg4 b4 40.
Rd3 Rb1 41. h5 b3 42. hxg6 Kxg6 43. Rd8 h5+ 44. Kf3 b2 45. Rg8+ Kh7 46. Rb8
Rf1+ 47. Ke2 b1=Q 48. Rxb1 Rxb1 49. Kf3 Kg6 50. g4 Rb3+ 51. Kg2 hxg4 52. Kf2
Kf5 53. Kg2 Kxf4 54. Kf2 g3+ 55. Kg2 Rb2+ 56. Kf1 Kf3 0-1

[Event "Rimouski op"]
[Site "Rimouski CAN"]
[Date "2003.05.18"]
[Round "4"]
[White "Sauve, Richard"]
[Black "Proulx, Denis"]
[Result "0-1"]
[WhiteElo "2047"]
[BlackElo "1833"]
[PlyCount "128"]
[EventDate "2003.05.16"]
[EventType "swiss"]
[EventRounds "5"]
[EventCountry "CAN"]

1. d4 Nf6 2. c4 g6 3. Nc3 Bg7 4. e4 d6 5. f3 O-O 6. Be3 Nc6 7. Nge2 a6 8. Qd2
Re8 9. Rd1 Rb8 10. Nc1 e5 11. d5 Nd4 12. N1e2 c5 13. dxc6 bxc6 14. Nxd4 exd4
15. Bxd4 d5 16. cxd5 cxd5 17. e5 Nh5 18. Be2 Rxe5 19. g4 Bxg4 20. fxg4 Qh4+ 21.
Kf1 Ng3+ 22. Kg2 Nxh1 23. Bxe5 Bxe5 24. Rxh1 Rb4 25. Qxd5 Bf4 26. b3 Rb6 27.
Ne4 Re6 28. Bf3 h5 29. g5 Kg7 30. Qd4+ Re5 31. Qf2 Bxg5 32. Qxh4 Bxh4 33. Rc1
Be7 34. Rc6 g5 35. Ng3 g4 36. Be4 Bd8 37. Rxa6 h4 38. Nf5+ Kg8 39. Bd3 h3+ 40.
Kf2 Bc7 41. Ra8+ Kh7 42. Nd6+ f5 43. Nxf5 Rd5 44. Be4 Rd2+ 45. Ke3 Rd7 46. Ng3+
Kg7 47. Nh5+ Kh6 48. Nf6 Rg7 49. Ra6 Kg5 50. Nd5 Bxh2 51. Ra5 Bg1+ 52. Ke2 g3
53. Ne3+ Kf4 54. Nf5 Rg5 55. Kf1 Bb6 56. Ra4 Ke5 57. Nxg3 Rxg3 58. Ba8 Rg8 59.
Bb7 Rg7 60. Bf3 Bd4 61. Ra5+ Kf4 62. Bc6 Ke3 63. Rd5 h2 64. Rh5 Rg1# 0-1

[Event "Rimouski op"]
[Site "Rimouski CAN"]
[Date "2003.05.18"]
[Round "4"]
[White "Slater, Sylvain"]
[Black "Laroche, Claude"]
[Result "1-0"]
[WhiteElo "1399"]
[BlackElo "1582"]
[PlyCount "77"]
[EventDate "2003.05.16"]
[EventType "swiss"]
[EventRounds "5"]
[EventCountry "CAN"]

1. d4 Nf6 2. c4 c5 3. d5 g6 4. Nc3 Bg7 5. e4 d6 6. Be2 O-O 7. Nf3 Bg4 8. Nd2
Bxe2 9. Qxe2 Nbd7 10. O-O a6 11. a4 Qc7 12. f4 Kh8 13. Kh1 Rae8 14. Nf3 e6 15.
Qc2 exd5 16. cxd5 Nb6 17. Nd2 Ng4 18. a5 Ne3 19. Qd3 Nxf1 20. axb6 Qxb6 21.
Qxf1 f5 22. Nc4 Qd8 23. Nxd6 Qxd6 24. e5 Qd7 25. Be3 Rc8 26. Qf2 Rc7 27. d6 Rc6
28. Nd5 c4 29. Ne7 Rxd6 30. exd6 Re8 31. Qd2 Bf6 32. Nd5 Bg7 33. Nb6 Qb5 34. d7
Rd8 35. Bd4 Bxd4 36. Qxd4+ Kg8 37. Qf6 Rxd7 38. Nxd7 Qxd7 39. Re1 1-0

[Event "Rimouski op"]
[Site "Rimouski CAN"]
[Date "2003.05.18"]
[Round "5"]
[White "Chevalier, Francois"]
[Black "Sauve, Richard"]
[Result "0-1"]
[WhiteElo "1713"]
[BlackElo "2047"]
[PlyCount "82"]
[EventDate "2003.05.16"]
[EventType "swiss"]
[EventRounds "5"]
[EventCountry "CAN"]

1. e4 e6 2. d4 d5 3. exd5 exd5 4. c4 Nf6 5. Nc3 Be7 6. Nf3 O-O 7. Be3 c6 8. Bd3
dxc4 9. Bxc4 Nbd7 10. O-O Nb6 11. Bb3 Bg4 12. h3 Bh5 13. g4 Bg6 14. Ne5 Nbd5
15. Qf3 Qa5 16. Nxg6 hxg6 17. Nxd5 Nxd5 18. Bxd5 cxd5 19. Qe2 Rac8 20. a3 Rc6
21. Rfc1 Rfc8 22. Qd2 Qd8 23. Rxc6 Rxc6 24. Rc1 Rc4 25. b3 Rc7 26. Rxc7 Qxc7
27. Bf4 Qb6 28. Qb2 Qf6 29. Bg3 Qf3 30. Qc2 Bxa3 31. Qc8+ Kh7 32. Qxb7 a5 33.
Qb6 Bb4 34. Qa7 Qxb3 35. Qxf7 Qd1+ 36. Kh2 Qxd4 37. Qe6 a4 38. h4 Qe4 39. Qf7
a3 40. f3 Qc2+ 41. Kh3 Bc3 0-1

[Event "Rimouski op"]
[Site "Rimouski CAN"]
[Date "2003.05.18"]
[Round "5"]
[White "Martin, Denis"]
[Black "Beaulieu, Stephane"]
[Result "1/2-1/2"]
[WhiteElo "1323"]
[BlackElo "1410"]
[PlyCount "61"]
[EventDate "2003.05.16"]
[EventType "swiss"]
[EventRounds "5"]
[EventCountry "CAN"]

1. e4 e5 2. Nf3 d6 3. d4 exd4 4. Nxd4 Nf6 5. Nc3 g6 6. Bg5 Nbd7 7. Qd2 c6 8.
Bh6 Nc5 9. f3 Qe7 10. O-O-O Ne6 11. Nxe6 Bxh6 12. Qxh6 Bxe6 13. Qf4 d5 14. e5
Nd7 15. h4 O-O 16. Qg3 b5 17. f4 b4 18. Ne2 c5 19. b3 a5 20. Kb2 a4 21. h5 axb3
22. axb3 Nxe5 23. fxe5 Qa7 24. Kc1 c4 25. hxg6 fxg6 26. Kd2 cxb3 27. Qxb3 Qc5
28. Rh4 Ra3 29. Qxb4 Qe3+ 30. Ke1 Qf2+ 31. Kd2 1/2-1/2

[Event "Rimouski op"]
[Site "Rimouski CAN"]
[Date "2003.05.18"]
[Round "5"]
[White "Proulx, Denis"]
[Black "Slater, Sylvain"]
[Result "1-0"]
[WhiteElo "1833"]
[BlackElo "1399"]
[PlyCount "55"]
[EventDate "2003.05.16"]
[EventType "swiss"]
[EventRounds "5"]
[EventCountry "CAN"]

1. e4 d6 2. d4 Nf6 3. Nc3 g6 4. Bc4 Bg7 5. f3 c6 6. Be3 d5 7. Bb3 dxe4 8. fxe4
Ng4 9. Qf3 O-O 10. O-O-O Nxe3 11. Qxe3 e5 12. d5 Qh4 13. Nf3 Bh6 14. Nxh4 Bxe3+
15. Kb1 Kg7 16. Rd3 Bb6 17. Nf3 Nd7 18. Na4 f5 19. Re1 Re8 20. Nxb6 axb6 21.
dxc6 bxc6 22. Rd6 c5 23. exf5 gxf5 24. Ng5 Nf6 25. Rxb6 Ra6 26. Rxa6 Bxa6 27.
Ne6+ Rxe6 28. Bxe6 1-0

[Event "Robin Girard mem"]
[Site "Quebec CAN"]
[Date "2003.08.29"]
[Round "1"]
[White "Boissinot, Claude"]
[Black "Audet-Bouchard, Nicolas"]
[Result "0-1"]
[WhiteElo "1552"]
[BlackElo "2188"]
[PlyCount "80"]
[EventDate "2003.08.29"]
[EventType "swiss"]
[EventRounds "5"]
[EventCountry "CAN"]

1. e4 c5 2. d4 cxd4 3. c3 dxc3 4. Nxc3 e6 5. Bc4 a6 6. a3 b5 7. Ba2 Bb7 8. Qe2
d6 9. Nf3 Nd7 10. O-O Ngf6 11. Rd1 Be7 12. Bf4 Qb8 13. b4 O-O 14. Rac1 Rc8 15.
h3 Ne5 16. Nxe5 dxe5 17. Bg5 Bc6 18. Bb1 a5 19. Na2 Qb7 20. Bxf6 Bxf6 21. Kh1
Be7 22. Qg4 Rd8 23. f3 Rd4 24. Rxd4 exd4 25. e5 Rd8 26. Rd1 Qa7 27. f4 axb4 28.
axb4 d3 29. f5 exf5 30. Qxf5 g6 31. Qf1 d2 32. Qe2 Qd7 33. Kh2 Qd4 34. e6 f5
35. Kh1 Qf4 36. Bc2 Bd6 37. Kg1 Qh2+ 38. Kf2 Qxg2+ 39. Ke3 f4+ 40. Kd3 Be5# 0-1

[Event "Robin Girard mem"]
[Site "Quebec CAN"]
[Date "2003.08.29"]
[Round "1"]
[White "Cummins, Paul"]
[Black "Gaspariants, Vladimir"]
[Result "0-1"]
[WhiteElo "1637"]
[BlackElo "2291"]
[PlyCount "40"]
[EventDate "2003.08.29"]
[EventType "swiss"]
[EventRounds "5"]
[EventCountry "CAN"]

1. e4 e5 2. f4 d5 3. Nf3 Bg4 4. Be2 Bxf3 5. Bxf3 dxe4 6. Bxe4 Nc6 7. d3 Bc5 8.
Nc3 Nf6 9. Bxc6+ bxc6 10. Qf3 O-O 11. Bd2 Rb8 12. O-O-O Qd4 13. Rde1 Rxb2 14.
fxe5 Ba3 15. Kd1 Nd5 16. Nxd5 cxd5 17. c3 Qa4+ 18. Ke2 Qc2 19. Rd1 Qxc3 20.
Qxd5 Bb4 0-1

[Event "Robin Girard mem"]
[Site "Quebec CAN"]
[Date "2003.08.29"]
[Round "1"]
[White "Tremblay, Rejean"]
[Black "Theriault, Jean-Louis"]
[Result "1-0"]
[WhiteElo "2224"]
[BlackElo "1588"]
[PlyCount "81"]
[EventDate "2003.08.29"]
[EventType "swiss"]
[EventRounds "5"]
[EventCountry "CAN"]

1. d4 d5 2. c4 e6 3. Nc3 Nf6 4. Bg5 c6 5. Nf3 Be7 6. e3 Nbd7 7. Rc1 O-O 8. Bd3
Re8 9. O-O h6 10. Bf4 Nf8 11. Ne5 Bd6 12. Qf3 Qe7 13. e4 Nxe4 14. Nxe4 dxe4 15.
Qxe4 f5 16. Qe2 Bxe5 17. Bxe5 Qf7 18. Rfe1 Bd7 19. f4 Nh7 20. Rc3 Nf6 21. h3 g6
22. Kh2 Kh7 23. Bc2 Rg8 24. Bxf6 Qxf6 25. Qe5 Qg7 26. Bb3 Rge8 27. Rce3 Re7 28.
d5 Qf7 29. c5 cxd5 30. Bxd5 Rae8 31. Bxb7 Bc8 32. Bxc8 Rxc8 33. Rd1 Qe8 34. b4
Kg8 35. Rd6 Kf7 36. b5 Rb8 37. c6 Rc8 38. a4 Rcc7 39. Red3 Qg8 40. Rd8 Qg7 41.
Qxc7 1-0

[Event "Robin Girard mem"]
[Site "Quebec CAN"]
[Date "2003.08.30"]
[Round "2"]
[White "Audet-Bouchard, Nicolas"]
[Black "Ouellet, Michel"]
[Result "1-0"]
[WhiteElo "2188"]
[BlackElo "1794"]
[PlyCount "63"]
[EventDate "2003.08.29"]
[EventType "swiss"]
[EventRounds "5"]
[EventCountry "CAN"]

1. e4 d6 2. d4 Nf6 3. Nc3 g6 4. Be3 Bg7 5. Qd2 c6 6. f3 Nbd7 7. Bh6 Bxh6 8.
Qxh6 Qb6 9. O-O-O c5 10. d5 Qa5 11. h3 a6 12. f4 b5 13. e5 b4 14. exf6 bxc3 15.
Qg7 cxb2+ 16. Kb1 Rf8 17. fxe7 Kxe7 18. Nf3 Rb8 19. Bc4 Rb4 20. Bb3 c4 21. Nd4
Bb7 22. Rhe1+ Kd8 23. Ne6+ Kc8 24. Nxf8 cxb3 25. cxb3 Bxd5 26. Kxb2 Rxf4 27.
Re2 Ne5 28. Nxh7 Qb5 29. Rc2+ Kb7 30. Qf8 Nc4+ 31. Ka1 Ne3 32. Qe7+ 1-0

[Event "Robin Girard mem"]
[Site "Quebec CAN"]
[Date "2003.08.30"]
[Round "2"]
[White "Caire, Francois"]
[Black "Godbout, Mathieu"]
[Result "0-1"]
[WhiteElo "2118"]
[BlackElo "1732"]
[PlyCount "34"]
[EventDate "2003.08.29"]
[EventType "swiss"]
[EventRounds "5"]
[EventCountry "CAN"]

1. d4 d5 2. Bf4 Nf6 3. e3 e6 4. Nd2 Bd6 5. Bg3 O-O 6. Bd3 Nc6 7. Ngf3 Qe7 8.
Ne5 Nd7 9. Ndf3 f6 10. Nxc6 bxc6 11. O-O e5 12. e4 f5 13. dxe5 Nxe5 14. exd5
Nxf3+ 15. Qxf3 f4 16. Bxh7+ Kxh7 17. Qh5+ Kg8 0-1

[Event "Robin Girard mem"]
[Site "Quebec CAN"]
[Date "2003.08.30"]
[Round "2"]
[White "Gaspariants, Vladimir"]
[Black "Poliquin, Yvon"]
[Result "1-0"]
[WhiteElo "2291"]
[BlackElo "1855"]
[PlyCount "77"]
[EventDate "2003.08.29"]
[EventType "swiss"]
[EventRounds "5"]
[EventCountry "CAN"]

1. d4 d5 2. Nf3 c6 3. g3 f5 4. Bg2 Nf6 5. O-O e6 6. b3 Bd6 7. Ba3 Bxa3 8. Nxa3
Qd6 9. Qc1 Nbd7 10. c4 b6 11. Qb2 O-O 12. b4 Rb8 13. b5 c5 14. e3 Bb7 15. Rfd1
Qc7 16. Rac1 Kh8 17. Ne5 Nxe5 18. dxe5 Ne4 19. f3 Ng5 20. h4 Nf7 21. f4 Rfd8
22. cxd5 exd5 23. Bf3 d4 24. Bxb7 Qxb7 25. Qg2 Qxg2+ 26. Kxg2 dxe3 27. Kf3 Rxd1
28. Rxd1 Rd8 29. Rxd8+ Nxd8 30. Nc4 e2 31. Kxe2 Ne6 32. Nd6 Kg8 33. Nxf5 Kf8
34. Kd3 Ke8 35. h5 g5 36. Nd6+ Kd7 37. f5 Nd4 38. g4 Nf3 39. Nf7 1-0

[Event "Robin Girard mem"]
[Site "Quebec CAN"]
[Date "2003.08.30"]
[Round "2"]
[White "Lemire-Paquin, Alexandre"]
[Black "Drolet, Stephane"]
[Result "0-1"]
[WhiteElo "1704"]
[BlackElo "2118"]
[PlyCount "58"]
[EventDate "2003.08.29"]
[EventType "swiss"]
[EventRounds "5"]
[EventCountry "CAN"]

1. Nf3 d5 2. d4 c6 3. e3 Bg4 4. c4 e6 5. Qb3 Qc7 6. Nbd2 Nd7 7. cxd5 exd5 8.
Bd3 Ngf6 9. O-O Bd6 10. Qc2 O-O 11. Rb1 a5 12. b3 Rfe8 13. a3 h6 14. b4 axb4
15. axb4 b5 16. h3 Bxf3 17. Nxf3 Nb6 18. Nd2 Nc4 19. Bxc4 dxc4 20. e4 Bf4 21.
e5 Bxd2 22. Bxd2 Nd5 23. g3 Ra3 24. Ra1 Rd3 25. Rfe1 Rxd4 26. Bc3 Rd3 27. Ra3
Qd7 28. Kg2 Qf5 29. Qb2 Qf3+ 0-1

[Event "Robin Girard mem"]
[Site "Quebec CAN"]
[Date "2003.08.30"]
[Round "2"]
[White "Nadeau, Sebastien"]
[Black "Tremblay, Rejean"]
[Result "0-1"]
[WhiteElo "1838"]
[BlackElo "2224"]
[PlyCount "50"]
[EventDate "2003.08.29"]
[EventType "swiss"]
[EventRounds "5"]
[EventCountry "CAN"]

1. e4 e6 2. d4 d5 3. exd5 exd5 4. Nf3 Bd6 5. h3 Nf6 6. Bd3 O-O 7. O-O Nc6 8. c3
Ne7 9. c4 c5 10. Nc3 cxd4 11. Nxd4 h6 12. cxd5 Nexd5 13. Nxd5 Nxd5 14. Qf3 Ne7
15. Rd1 Qb6 16. Rb1 Bc5 17. Be3 a5 18. Qe4 f5 19. Nxf5 Rxf5 20. Qc4+ Be6 21.
Bxc5 Rxc5 22. Qe4 Rf5 23. Qh4 Rf6 24. Bc4 Bxc4 25. Qxc4+ Kh7 0-1

[Event "Robin Girard mem"]
[Site "Quebec CAN"]
[Date "2003.08.30"]
[Round "2"]
[White "Richard, Christian"]
[Black "Sauve, Richard"]
[Result "1-0"]
[WhiteElo "1697"]
[BlackElo "1952"]
[PlyCount "45"]
[EventDate "2003.08.29"]
[EventType "swiss"]
[EventRounds "5"]
[EventCountry "CAN"]

1. e4 e6 2. d4 d5 3. c4 dxe4 4. Nc3 Nf6 5. f3 Bb4 6. Bg5 Nc6 7. a3 Bxc3+ 8.
bxc3 h6 9. Bh4 g5 10. Bg3 b6 11. Qc2 exf3 12. Nxf3 Bb7 13. Bd3 Nh5 14. Be5 Nxe5
15. Nxe5 Nf4 16. Be4 Bxe4 17. Qxe4 O-O 18. O-O Qe7 19. g3 Nh5 20. Nxf7 Kg7 21.
Ne5 Qe8 22. Rxf8 Kxf8 23. Qh7 1-0

[Event "Robin Girard mem"]
[Site "Quebec CAN"]
[Date "2003.08.30"]
[Round "3"]
[White "Caron, Sebastien"]
[Black "Auger, Bertrand"]
[Result "0-1"]
[WhiteElo "1727"]
[BlackElo "1998"]
[PlyCount "42"]
[EventDate "2003.08.29"]
[EventType "swiss"]
[EventRounds "5"]
[EventCountry "CAN"]

1. e4 e6 2. d4 d5 3. Nd2 Nf6 4. e5 Nfd7 5. Ne2 c5 6. c3 Nc6 7. Nf3 Be7 8. Ng3
cxd4 9. cxd4 O-O 10. a3 f6 11. exf6 Nxf6 12. Bd3 Bd6 13. O-O e5 14. dxe5 Nxe5
15. Nxe5 Bxe5 16. Qc2 Bd7 17. Bg5 Qb6 18. Bxf6 Rxf6 19. Bxh7+ Kh8 20. Bd3 Raf8
21. Rab1 Rxf2 0-1

[Event "Robin Girard mem"]
[Site "Quebec CAN"]
[Date "2003.08.30"]
[Round "3"]
[White "Dorion, Francois"]
[Black "Audet-Bouchard, Nicolas"]
[Result "0-1"]
[WhiteElo "1877"]
[BlackElo "2188"]
[PlyCount "66"]
[EventDate "2003.08.29"]
[EventType "swiss"]
[EventRounds "5"]
[EventCountry "CAN"]

1. e4 c5 2. Ne2 Nc6 3. Nbc3 g6 4. g3 Bg7 5. Bg2 e6 6. f4 d6 7. O-O Nge7 8. d3
O-O 9. g4 f5 10. Ng3 Rb8 11. Be3 b5 12. gxf5 exf5 13. exf5 Bxf5 14. Nxf5 Rxf5
15. Be4 Rf8 16. Qf3 Nd4 17. Bxd4 Bxd4+ 18. Kh1 b4 19. Nd5 Bxb2 20. Rae1 Nxd5
21. Bxd5+ Kh8 22. Qh3 Rf5 23. Qg2 Qf8 24. Be4 Rxf4 25. Bxg6 hxg6 26. Qh3+ Kg7
27. Rg1 Be5 28. Rxg6+ Kxg6 29. Rg1+ Kf6 30. Qh7 Ke6 31. Qh6+ Ke7 32. Qh7+ Rf7
33. Qh4+ Kd7 0-1

[Event "Robin Girard mem"]
[Site "Quebec CAN"]
[Date "2003.08.30"]
[Round "3"]
[White "Drolet, Stephane"]
[Black "Godbout, Mathieu"]
[Result "1-0"]
[WhiteElo "2118"]
[BlackElo "1732"]
[PlyCount "149"]
[EventDate "2003.08.29"]
[EventType "swiss"]
[EventRounds "5"]
[EventCountry "CAN"]

1. Nf3 Nf6 2. c4 c6 3. Nc3 d5 4. d4 e6 5. Qb3 Nbd7 6. g3 dxc4 7. Qxc4 c5 8. Bg2
a6 9. dxc5 Bxc5 10. O-O b5 11. Qb3 Bb7 12. Bf4 Qb6 13. Rad1 O-O 14. e3 Rfd8 15.
Qc2 Rac8 16. Qe2 Ne4 17. Nxe4 Bxe4 18. g4 Qb7 19. Nh4 Bxg2 20. Nxg2 e5 21. Bg3
Bb6 22. Nh4 g6 23. g5 Bc7 24. Nf3 e4 25. Nd4 Ne5 26. Bxe5 Bxe5 27. Nb3 Qe7 28.
Rxd8+ Rxd8 29. h4 h6 30. Na5 Rc8 31. Kg2 hxg5 32. h5 f5 33. hxg6 g4 34. Qd1 Kg7
35. Rh1 Kxg6 36. b3 Bc3 37. b4 Bxb4 38. Nb3 Bc3 39. Qd5 Be5 40. Na5 Qd6 41. Qb7
Qc7 42. Qxa6+ Kg7 43. Qh6+ Kg8 44. Qg6+ Qg7 45. Qxf5 Rc2 46. Rh4 Qf7 47. Rxg4+
Kf8 48. Qxf7+ Kxf7 49. Rxe4 Bc7 50. Nb3 Rxa2 51. Rb4 Bb6 52. Kf3 Ba5 53. Nxa5
Rxa5 54. Ke4 Ke6 55. Kd4 Ra2 56. f4 Rd2+ 57. Kc3 Rd5 58. e4 Rc5+ 59. Kd4 Rc1
60. Rxb5 Rd1+ 61. Ke3 Re1+ 62. Kf3 Rf1+ 63. Kg3 Re1 64. Re5+ Kf6 65. Kf2 Ra1
66. Rd5 Ra2+ 67. Ke3 Ra3+ 68. Rd3 Ra4 69. Rd6+ Ke7 70. e5 Ra1 71. Ke4 Re1+ 72.
Kf5 Rf1 73. Rh6 Kf7 74. Rh7+ Ke8 75. Ke6 1-0

[Event "Robin Girard mem"]
[Site "Quebec CAN"]
[Date "2003.08.30"]
[Round "3"]
[White "Pageau, Roger"]
[Black "Cote, Jocelyn"]
[Result "0-1"]
[WhiteElo "2027"]
[BlackElo "1807"]
[PlyCount "74"]
[EventDate "2003.08.29"]
[EventType "swiss"]
[EventRounds "5"]
[EventCountry "CAN"]

1. d4 Nf6 2. Bf4 g6 3. e3 Nh5 4. Bg5 c6 5. Bd3 Qa5+ 6. Nc3 Qxg5 7. g4 Nf6 8. h3
Qa5 9. Nf3 d6 10. Nd2 Bg7 11. Qf3 Na6 12. Nc4 Qc7 13. a3 Rb8 14. O-O-O b5 15.
Nd2 b4 16. axb4 Nxb4 17. Bc4 e6 18. g5 Nfd5 19. Nde4 Nxc3 20. bxc3 Nd5 21. Kd2
O-O 22. Bxd5 cxd5 23. Nf6+ Kh8 24. h4 Qd8 25. h5 Bxf6 26. gxf6 e5 27. hxg6 fxg6
28. Rxh7+ Kxh7 29. Rh1+ Kg8 30. Qxd5+ Rf7 31. Rh8+ Kxh8 32. Qxf7 Qg8 33. Qxa7
Rb7 34. Qa1 Qe6 35. Qh1+ Kg8 36. Qc6 exd4 37. cxd4 d5 0-1

[Event "Robin Girard mem"]
[Site "Quebec CAN"]
[Date "2003.08.30"]
[Round "3"]
[White "Tremblay, Rejean"]
[Black "Boudreau, Daniel"]
[Result "1-0"]
[WhiteElo "2224"]
[BlackElo "1958"]
[PlyCount "47"]
[EventDate "2003.08.29"]
[EventType "swiss"]
[EventRounds "5"]
[EventCountry "CAN"]

1. d4 Nf6 2. c4 e6 3. Nc3 c5 4. d5 exd5 5. cxd5 d6 6. e4 g6 7. f4 Bg7 8. Bb5+
Nfd7 9. a4 O-O 10. Nf3 Re8 11. O-O a6 12. Bd3 Qc7 13. Re1 c4 14. Bf1 Nc5 15.
Bxc4 Bxc3 16. bxc3 Nxe4 17. Qd4 Nf6 18. Qxf6 Rxe1+ 19. Nxe1 Qxc4 20. Be3 Nd7
21. Qd8+ Kg7 22. Bd4+ f6 23. Qe7+ Kg8 24. Qxd6 1-0

[Event "Robin Girard mem"]
[Site "Quebec CAN"]
[Date "2003.08.31"]
[Round "4"]
[White "Caire, Francois"]
[Black "Ouellet, Michel"]
[Result "1-0"]
[WhiteElo "2118"]
[BlackElo "1794"]
[PlyCount "61"]
[EventDate "2003.08.29"]
[EventType "swiss"]
[EventRounds "5"]
[EventCountry "CAN"]

1. Nf3 Nf6 2. d4 c5 3. d5 e6 4. c4 exd5 5. cxd5 d6 6. Nc3 g6 7. e4 Bg7 8. Be2
O-O 9. O-O Bg4 10. Bf4 a6 11. a4 Re8 12. Nd2 Bxe2 13. Qxe2 Nh5 14. Be3 Nd7 15.
g4 Nhf6 16. f4 h6 17. Qf3 Qe7 18. Rfe1 Nh7 19. e5 dxe5 20. f5 e4 21. Ndxe4 Ne5
22. Qg2 Nd3 23. Re2 c4 24. d6 Qd7 25. Nd5 Rab8 26. Ne7+ Kf8 27. fxg6 fxg6 28.
Rf1+ Nf6 29. Nxf6 Bxf6 30. Bxh6+ Kf7 31. Qd5+ 1-0

[Event "Robin Girard mem"]
[Site "Quebec CAN"]
[Date "2003.08.31"]
[Round "4"]
[White "Drolet, Stephane"]
[Black "Tremblay, Rejean"]
[Result "1-0"]
[WhiteElo "2118"]
[BlackElo "2224"]
[PlyCount "81"]
[EventDate "2003.08.29"]
[EventType "swiss"]
[EventRounds "5"]
[EventCountry "CAN"]

1. c4 Nf6 2. Nc3 g6 3. e4 d6 4. d4 Bg7 5. Be2 O-O 6. Bg5 c5 7. d5 e6 8. h3 exd5
9. exd5 Re8 10. Qd2 Nbd7 11. Nf3 a6 12. O-O Rb8 13. Bf4 Ne5 14. Nxe5 dxe5 15.
Be3 Qd6 16. Rad1 Bd7 17. Bg5 b5 18. Bxf6 Qxf6 19. Ne4 Qb6 20. b4 Bf8 21. d6 Re6
22. bxc5 Qb7 23. Qc2 b4 24. Ng5 Ree8 25. Bf3 Qc8 26. Bd5 Re6 27. c6 Bxc6 28.
Bxc6 Qxc6 29. Nxe6 fxe6 30. c5 Rd8 31. Qb3 Kf7 32. Qxb4 Rc8 33. Qa5 Qd7 34. Rb1
Ke8 35. Rb6 e4 36. Rxa6 Bxd6 37. Rxd6 Qe7 38. Qb5+ Kf8 39. Qd7 Qxd7 40. Rxd7
Rxc5 41. Ra7 1-0

[Event "Robin Girard mem"]
[Site "Quebec CAN"]
[Date "2003.08.31"]
[Round "4"]
[White "Richard, Christian"]
[Black "Lessard, Claude"]
[Result "1-0"]
[WhiteElo "1697"]
[BlackElo "1902"]
[PlyCount "71"]
[EventDate "2003.08.29"]
[EventType "swiss"]
[EventRounds "5"]
[EventCountry "CAN"]

1. e4 e5 2. Nf3 Nc6 3. Nc3 g6 4. Bc4 Bg7 5. O-O Nge7 6. d3 O-O 7. Be3 Na5 8.
Bb3 Nxb3 9. axb3 f5 10. Bg5 c6 11. d4 h6 12. Bxe7 Qxe7 13. Nxe5 Qf6 14. exf5
gxf5 15. Ne2 d6 16. Nd3 f4 17. Nexf4 Qxd4 18. Ra4 Qf6 19. Nh5 Qg5 20. Ng3 b5
21. Re4 d5 22. Re2 h5 23. Qc1 Qxc1 24. Rxc1 h4 25. Nf1 h3 26. Re7 hxg2 27. Ne3
Bh3 28. Nb4 Rfc8 29. c3 Bf6 30. Nexd5 cxd5 31. Re3 Bd7 32. Nxd5 Rf8 33. Rd1 Bc6
34. Rg3+ Kf7 35. Rh3 Kg7 36. Rg3+ 1-0

[Event "Robin Girard mem"]
[Site "Quebec CAN"]
[Date "2003.08.31"]
[Round "5"]
[White "Tremblay, Rejean"]
[Black "Richard, Christian"]
[Result "1-0"]
[WhiteElo "2224"]
[BlackElo "1697"]
[PlyCount "79"]
[EventDate "2003.08.29"]
[EventType "swiss"]
[EventRounds "5"]
[EventCountry "CAN"]

1. d4 Nf6 2. c4 e5 3. dxe5 Ng4 4. Bf4 g5 5. Bg3 Nc6 6. Nf3 Bg7 7. Nc3 Ngxe5 8.
Nxe5 Nxe5 9. e3 d6 10. Qc2 Be6 11. Rd1 O-O 12. b3 f5 13. f4 Ng4 14. Rd3 Qe7 15.
Be2 Bxc4 16. bxc4 Nxe3 17. Rxe3 Qxe3 18. Nd5 Qd4 19. fxg5 f4 20. Bf2 Qa1+ 21.
Qd1 Qxd1+ 22. Kxd1 c6 23. Nc7 Rac8 24. Ne6 Rf5 25. Nxg7 Kxg7 26. Bg4 Rcf8 27.
Bxf5 Rxf5 28. Ke2 Rxg5 29. Kf3 Ra5 30. Rd1 Ra3+ 31. Kxf4 Rxa2 32. Kf3 Rc2 33.
Rxd6 Rxc4 34. Rd7+ Kg6 35. Rxb7 a5 36. Ra7 a4 37. Be3 h5 38. Ke2 Rg4 39. g3 h4
40. Bf4 1-0

[Event "Rodgers mem"]
[Site "Ottawa CAN"]
[Date "2003.09.11"]
[Round "1"]
[White "Pacey, Kevin"]
[Black "Das, Samir"]
[Result "1-0"]
[WhiteElo "2290"]
[BlackElo "1785"]
[PlyCount "69"]
[EventDate "2003.09.11"]
[EventType "swiss"]
[EventRounds "7"]
[EventCountry "CAN"]

1. d4 Nf6 2. c4 g6 3. Nc3 Bg7 4. e4 d6 5. Be2 O-O 6. Bg5 c6 7. Qd2 a6 8. Nf3
Nbd7 9. O-O b5 10. a3 Rb8 11. Rab1 Qc7 12. h3 e5 13. cxb5 axb5 14. Bh6 Re8 15.
Bxg7 Kxg7 16. dxe5 dxe5 17. b4 Ba6 18. a4 Nf8 19. Rfc1 Qb7 20. a5 c5 21. bxc5
Nxe4 22. Nxe4 Qxe4 23. c6 Ne6 24. Qb2 Nc7 25. Rc5 f6 26. Rd1 Red8 27. Rd7+ Rxd7
28. cxd7 Ne6 29. Rc2 Rd8 30. Rd2 Qc6 31. Nxe5 fxe5 32. Qxe5+ Kf7 33. Rd6 Qc1+
34. Bf1 Nc5 35. Qf6+ 1-0